000 00569nam a2200205 4500
001 126083
003 ES-MaACL
005 20250904063057.0
007 t|
008 070214m19081923fr r ||||1| fre d
100 1 _9242211
_aReinach, Salomon,
_d1858-1932
_eaut
110 1 _a
_9242196
245 1 0 _aCultes, mythes et religions /
_cSalomon Reinach.
250 _a2e éd. rev. et corr.
260 _aParis :
_bErnest Leroux,
_c1908-1923.
300 _a5 v. ;
_c24 x 15 cm.
852 _aES-MaACL
_jF-10640-44
942 _2udc
999 _c126083
_d126083